00938cam a2200229 a 450000500170000000800410001704000360005804100080009404400070010208200160010910000340012524501400015926000570029930000570035649000460041350400600045965000340051965000570055370000340061070000290064470000350067320160209095732.0040805s2004 ck a b 000 0 spa d aVXGcVXGdOCLCQdDLCdCO-BoIAVH0 aspa ack04a581.7bO83t1 aOspina Penagos, Carlos Mario.03aEl tambor, especie forestal nativa :bcultivo y aspectos fitosanitarios en Colombia /cpor Carlos Mario Ospina Penagos ... [y otros 3]. aChinchiná (Caldas, Colombia) :bCenicafé,c2004. a40 páginas :bilustraciones a color ;c24 x 17 cm.0 aBoletín técnico,x0120-047X ;vno. 26 aIncluye referencias bibliográficas (páginas 35-39). 6aArboles forestaleszColombia. 6aArboles forestalesxEnfermedades y plagaszColombia.1 aPosada López, Carlos Javier1 aGil Palacio, Zulma Nancy1 aCastro Caicedo, Bertha Lucía